| 000 | 00568nam a2200157Ia 4500 | ||
|---|---|---|---|
| 008 | 150610s9999 xx 000 0 und d | ||
| 020 | _a9788172451974 | ||
| 050 |
_aQ182.3 _b.V4 1998z |
||
| 100 | _aVecchione, Glen. | ||
| 245 |
_a100 first-prize-make-it-yourself science fair projects / _cwritten & illustrated by Glen Vecchione. |
||
| 260 |
_aNew Delhi : _bGoodwill Publishing House, _c1998. |
||
| 300 |
_a208pages : _billustrations ; _c25 cm. |
||
| 504 | _aIncludes index. | ||
| 520 | _aScience projects. | ||
| 650 |
_aExperiments -- Methodology _xScience. |
||
| 999 |
_c288229 _d288229 |
||